00461nam a2200169Ia 450000500170000000800410001702000120005804000190007004100120008908200170010110000190011824500690013726000330020630000110023965000310025085000100028120230321091906.0131103s9999 xx 000 0 und d cRs.8.00 aLoreto College aEnglish a891.441bGUP aGupta, Kshetra aPrachin kabyab Soundrya jignasa o naba mulayana cKshetra Gupta aKolkatabGrontho Niloyc1958 a288p.  aBengali poetry - Criticism aLCLIB